| 000 | 01103nas a2200361 4500 | ||
|---|---|---|---|
| 001 | BR2016001498 | ||
| 003 | BR-BrBNA | ||
| 005 | 20231205130242.0 | ||
| 007 | ta | ||
| 008 | 230509b bl.|||p| |||| 00| 00por d | ||
| 040 |
_aBR-BrBNA _bpor _cBiblioteca Nacional de Agricultura |
||
| 041 | _a(En) | ||
| 072 | _aL40; L02 | ||
| 100 | 1 | _aHan, J.C. | |
| 100 | 1 | _aQu, H.X. | |
| 100 | 1 | _aWang, J.G. | |
| 100 | 1 | _aChen, G.H. | |
| 100 | 1 | _aYan, Y.F. | |
| 100 | 1 | _aZhang, J.L. | |
| 100 | 1 | _aHu, F.M. | |
| 100 | 1 | _aYou, L.Y. | |
| 100 | 1 | _aCheng, Y.H. | |
| 245 | 1 | _aComparison of the growth and mineralization of the femur, tibia, and metatarsus of broiler chicks | |
| 650 | _aFRANGO DE CORTE | ||
| 650 | _aCRESCIMENTO | ||
| 650 | _aMORFOLOGIA ANIMAL | ||
| 650 | _aMINERALIZAÇÃO | ||
| 650 | _aOSSO | ||
| 773 | 0 |
_tRevista Brasileira de Ciência Avícola (Brazil) _xISSN 1806-9061 _g(Jul-Sep 2015), v. 17(3) p. 333-340 _wBR2016001498 |
|
| 856 | 4 | 0 | _uhttp://www.scielo.br/pdf/rbca/v17n3/1516-635X-rbca-17-03-00333.pdf |
| 909 |
_a202311 _bLúcia _c55 _dLúcia Elande |
||
| 942 |
_2AGRIS _n0 _cANA |
||
| 999 |
_c248467 _d248467 |
||